[Event "Olomouc Chess Summer 2023 - B2"]
[Site "Olomouc (CZE), Hotel Flora"]
[Date "2023.08.15"]
[Round "5"]
[Board "1"]
[White "Paseka, Matyas"]
[Black "Jurek, Josef"]
[Result "1/2-1/2"]
[WhiteElo "2237"]
[BlackElo "2253"]
[PlyCount "0"]
[EventDate "2023.08.12"]
[EventRounds "9"]
[EventCountry "CZE"]

1. e4 c5 2. Nf3 Nf6 3. e5 Nd5 4. Nc3 Nxc3 5. dxc3 Nc6 6. Bf4 Qb6 7. Qc1 e6 8. Bd3
h6 9. h4 Be7 10. Rh3 Qc7 11. Rg3 g5 12. hxg5 hxg5 13. Bxg5 Nxe5 14. Nxe5 Qxe5+ 15.
Qe3 Qxe3+ 16. Bxe3 b6 17. Rh3 Rxh3 18. gxh3 Bb7 19. O-O-O Bf6 20. Bb5 O-O-O 21. Rg1
Rh8 22. Bf1 Kd8 23. Rg4 Bc6 24. b4 d6 25. b5 Bd7 26. Ra4 a5 27. Rf4 Ke7 28. c4 e5
29. Rf3 Be6 30. Rg3 Kf8 31. Kb2 e4+ 32. Ka3 Be5 33. f4 exf3 34. Rxf3 Rh4 35. Bf2
Rf4 36. Rxf4 Bxf4 37. Be1 Bf5 38. Kb2 Kg7 39. Bg2 Kh6 40. Bd5 Be5+ 41. Ka3 Bf6  1/2-1/2

[Event "Olomouc Chess Summer 2023 - B2"]
[Site "Olomouc (CZE), Hotel Flora"]
[Date "2023.08.15"]
[Round "5"]
[Board "2"]
[White "Adarsh, Tripathi"]
[Black "Levitan, Ronit"]
[Result "1-0"]
[WhiteElo "2286"]
[BlackElo "2131"]
[PlyCount "0"]
[EventDate "2023.08.12"]
[EventRounds "9"]
[EventCountry "CZE"]

1. d4 Nf6 2. Nc3 d5 3. Bf4 a6 4. e3 e6 5. g4 Bb4 6. Nge2 h6 7. a3 Be7 8. Nc1 c5 9.
Bg2 Nc6 10. dxc5 e5 11. Bg3 Bxg4 12. Qd2 d4 13. exd4 Nxd4 14. Bxe5 Nf3+ 15. Bxf3
Qxd2+ 16. Kxd2 Bxf3 17. Rg1 O-O-O+ 18. Nd3 Ng4 19. Rxg4 Bxg4 20. Na4 b5 21. cxb6
Rhe8 22. Re1 Bg5+ 23. Kc3 Rxe5 24. Rxe5 Bf6 25. f4 Bf5 26. Nac5 Bxd3 27. cxd3 g5
28. d4 Bxe5 29. fxe5 h5 30. Ne4 Rg8 31. Nf6 Rh8 32. d5 Kb7 33. e6 fxe6 34. dxe6 g4
35. Kd4 Kxb6 36. e7 h4 37. Nd7+  1-0

[Event "Olomouc Chess Summer 2023 - B2"]
[Site "Olomouc (CZE), Hotel Flora"]
[Date "2023.08.15"]
[Round "5"]
[Board "3"]
[White "Nemec, Jachym"]
[Black "Lanc, Alois"]
[Result "1-0"]
[WhiteElo "2333"]
[BlackElo "2263"]
[PlyCount "0"]
[EventDate "2023.08.12"]
[EventRounds "9"]
[EventCountry "CZE"]

1. d4 g6 2. e4 Bg7 3. c4 d6 4. Nc3 e5 5. d5 a5 6. Be2 Na6 7. h4 h5 8. Nf3 Nh6 9.
Bd2 c6 10. Rb1 Nc5 11. a3 cxd5 12. cxd5 f5 13. Bb5+ Bd7 14. Bg5 Qc7 15. Bxh6 Rxh6
16. O-O Bxb5 17. Nxb5 Qd7 18. Qe2 Bf6 19. exf5 gxf5 20. b4 axb4 21. axb4 Ne4 22.
Rfc1 Bd8 23. Ng5 Bb6 24. Nxe4 fxe4 25. Nc3 Ke7 26. Nxe4 Rf8 27. Rb3 Rf4 28. Rg3 Rg4
29. Rxg4 hxg4 30. Qd2 Rh5 31. Ng3 Rh7 32. Qg5+ Kf8 33. Ra1  1-0

[Event "Olomouc Chess Summer 2023 - B2"]
[Site "Olomouc (CZE), Hotel Flora"]
[Date "2023.08.15"]
[Round "5"]
[Board "4"]
[White "Kusa, Jakub"]
[Black "Valkova, Angelika"]
[Result "1-0"]
[WhiteElo "2360"]
[BlackElo "2057"]
[PlyCount "0"]
[EventDate "2023.08.12"]
[EventRounds "9"]
[EventCountry "CZE"]

1. d4 d5 2. Nf3 Nf6 3. g3 e6 4. Bg2 Nbd7 5. O-O Bd6 6. c4 dxc4 7. Nbd2 Nb6 8. Qc2
O-O 9. Nxc4 Nxc4 10. Qxc4 Rb8 11. Re1 b5 12. Qc2 Bb4 13. Rd1 Bb7 14. Ne5 Bxg2 15.
Kxg2 Rb6 16. Bg5 Rd6 17. Bxf6 gxf6 18. Nc6 Qa8 19. d5 a5 20. a3 Rxc6 21. dxc6 Bd6
22. Rd4 f5 23. Rad1 b4 24. e4 bxa3 25. exf5 exf5 26. bxa3 Bxa3 27. Rc4 Rd8 28. Rxd8+
Qxd8 29. Qxf5  1-0

[Event "Olomouc Chess Summer 2023 - B2"]
[Site "Olomouc (CZE), Hotel Flora"]
[Date "2023.08.15"]
[Round "5"]
[Board "5"]
[White "Koziorowicz, Michal"]
[Black "Jasny, Stanislav"]
[Result "1-0"]
[WhiteElo "2319"]
[BlackElo "2244"]
[PlyCount "0"]
[EventDate "2023.08.12"]
[EventRounds "9"]
[EventCountry "CZE"]

1. e4 c5 2. Nf3 Nc6 3. Bb5 e6 4. Bxc6 bxc6 5. O-O Ne7 6. b3 Ng6 7. Bb2 f6 8. h4 e5
9. g3 d6 10. h5 Qd7 11. Nh2 Qh3 12. Qf3 Ne7 13. Na3 Be6 14. Nc4 Rd8 15. d3 Bf7 16.
b4 Bxh5 17. Qe3 d5 18. Na5 d4 19. Qd2 Qd7 20. bxc5 Nc8 21. Ba3 Be7 22. f4 exf4 23.
Qxf4 O-O 24. Rab1 Qe6 25. Qf5 Qxa2 26. Qxh5 Qxa3 27. Nxc6 Rd7 28. Rb4 g6 29. Qg4
Bxc5 30. Qxd7 Bxb4 31. Rb1 a5 32. Nxb4 axb4 33. Qxd4 Qa2 34. Rb2 Qa7 35. Rxb4 Rd8
36. Qxa7 Nxa7 37. Ng4 Rc8 38. Rb7  1-0

[Event "Olomouc Chess Summer 2023 - B2"]
[Site "Olomouc (CZE), Hotel Flora"]
[Date "2023.08.16"]
[Round "6"]
[Board "2"]
[White "Valkova, Angelika"]
[Black "Koziorowicz, Michal"]
[Result "0-1"]
[WhiteElo "2057"]
[BlackElo "2319"]
[PlyCount "0"]
[EventDate "2023.08.12"]
[EventRounds "9"]
[EventCountry "CZE"]

1. d4 e6 2. c4 f5 3. a3 Nf6 4. Nc3 d6 5. Bf4 Be7 6. e3 O-O 7. Be2 Nc6 8. Nf3 Nh5
9. d5 Nb8 10. Bg5 Bxg5 11. Nxg5 Qxg5 12. Bxh5 e5 13. O-O Nd7 14. Nb5 Qd8 15. f4 a6
16. Nc3 Qe7 17. Qc2 g5 18. fxe5 Qxe5 19. g4 Nf6 20. Rae1 fxg4 21. Bg6 g3 22. Bf5
gxh2+ 23. Kh1 Kg7 24. Qg2 Bxf5  0-1

[Event "Olomouc Chess Summer 2023 - B2"]
[Site "Olomouc (CZE), Hotel Flora"]
[Date "2023.08.16"]
[Round "6"]
[Board "3"]
[White "Lanc, Alois"]
[Black "Kusa, Jakub"]
[Result "0-1"]
[WhiteElo "2263"]
[BlackElo "2360"]
[PlyCount "0"]
[EventDate "2023.08.12"]
[EventRounds "9"]
[EventCountry "CZE"]

1. e4 e5 2. Nf3 Nc6 3. Bb5 a6 4. Ba4 Nf6 5. d3 b5 6. Bb3 Bc5 7. Nc3 d6 8. Nd5 h6
9. c3 Rb8 10. h3 Be6 11. O-O Bxd5 12. exd5 Ne7 13. d4 exd4 14. Nxd4 O-O 15. Be3 Bxd4
16. Bxd4 Nf5 17. Bxf6 Qxf6 18. Qf3 Rfe8 19. Rad1 Re5 20. Rfe1 Rbe8 21. Rxe5 Rxe5
22. a4 Qe7 23. axb5 axb5 24. g3 Re1+ 25. Rxe1 Qxe1+ 26. Kg2 g6 27. Bc2 Ne7 28. Qd3
b4 29. Bd1 bxc3 30. bxc3 Nc8 31. h4 h5 32. g4 hxg4 33. Bxg4 Ne7 34. Qc4 Qe5 35. Bf3
Nf5 36. Kh3 Qf6 37. Be2 Ne7 38. Kg2 Kg7 39. Kg1 Nf5 40. h5 Qg5+ 41. Kf1 gxh5 42.
Qe4 Nh4 43. Bd3 Ng6 44. c4 h4 45. Qd4+ Qf6 46. Qg4 Qf4  0-1

[Event "Olomouc Chess Summer 2023 - B2"]
[Site "Olomouc (CZE), Hotel Flora"]
[Date "2023.08.16"]
[Round "6"]
[Board "4"]
[White "Levitan, Ronit"]
[Black "Nemec, Jachym"]
[Result "1-0"]
[WhiteElo "2131"]
[BlackElo "2333"]
[PlyCount "0"]
[EventDate "2023.08.12"]
[EventRounds "9"]
[EventCountry "CZE"]

1. e4 c5 2. c3 d5 3. exd5 Qxd5 4. d4 Nf6 5. Nf3 e6 6. Be2 Be7 7. O-O O-O 8. c4 Qc6
9. Nc3 Rd8 10. Be3 Qb6 11. a3 Nc6 12. dxc5 Qxb2 13. Bd2 Bxc5 14. Na4 Rxd2 15. Nxd2
Qd4 16. Nxc5 Qxc5 17. Nb3 Qe7 18. Bf3 Bd7 19. Qe2 Rc8 20. Rfd1 Be8 21. c5 e5 22.
Rac1 Bd7 23. Re1 Qe6 24. Qb2 Re8 25. Bxc6 bxc6 26. Nd2 Nd5 27. Nc4 f6 28. Nd6 Rf8
29. Rb1 Qg4 30. f3 Qg6 31. Rbd1 Nf4 32. Rd2 Be6 33. Qc2 Qh5 34. Qe4 Qg5 35. Kh1 Bd5
36. Qf5 Qxf5 37. Nxf5 Rb8 38. Rdd1 Rb2 39. Rb1 Rxg2 40. Ne7+ Kf7 41. Nxd5 cxd5 42.
c6 Ra2 43. c7  1-0

[Event "Olomouc Chess Summer 2023 - B2"]
[Site "Olomouc (CZE), Hotel Flora"]
[Date "2023.08.16"]
[Round "6"]
[Board "5"]
[White "Paseka, Matyas"]
[Black "Adarsh, Tripathi"]
[Result "1-0"]
[WhiteElo "2237"]
[BlackElo "2286"]
[PlyCount "0"]
[EventDate "2023.08.12"]
[EventRounds "9"]
[EventCountry "CZE"]

1. e4 c5 2. Nf3 d6 3. d4 cxd4 4. Nxd4 Nf6 5. Nc3 g6 6. Be3 Bg7 7. f3 Nc6 8. Qd2 O-O
9. O-O-O Bd7 10. g4 Rc8 11. h4 Ne5 12. h5 Qa5 13. Nb3 Qc7 14. Be2 b5 15. Kb1 Nc4
16. Bxc4 bxc4 17. Nd4 Rb8 18. Bh6 Bxh6 19. Qxh6 g5 20. Qxg5+ Kh8 21. Qd2 e5 22. Nde2
Qb6 23. b3 cxb3 24. axb3 Be6 25. Qxd6 Qa5 26. Rd5 Nxd5 27. exd5 f6 28. dxe6  1-0

[Event "Olomouc Chess Summer 2023 - B2"]
[Site "Olomouc (CZE), Hotel Flora"]
[Date "2023.08.17"]
[Round "7"]
[Board "1"]
[White "Adarsh, Tripathi"]
[Black "Jurek, Josef"]
[Result "1/2-1/2"]
[WhiteElo "2286"]
[BlackElo "2253"]
[PlyCount "0"]
[EventDate "2023.08.12"]
[EventRounds "9"]
[EventCountry "CZE"]

1. e4 e6 2. d4 d5 3. Bd3 dxe4 4. Bxe4 Nf6 5. Bf3 c5 6. Ne2 Nc6 7. Be3 cxd4 8. Nxd4
Ne5 9. Nc3 a6 10. Qe2 Nxf3+ 11. Nxf3 Qc7 12. O-O-O Bd7 13. Bd4 Bc6 14. Be5 Qa5 15.
Nd2 Nd5 16. Kb1 Nxc3+ 17. Bxc3 Qf5 18. Nc4 Be7 19. Bxg7 Rg8 20. Bc3 Rxg2 21. Ne3
Rxf2 22. Qe1 Qf4 23. Rg1 Bc5 24. Rg8+ Ke7 25. Rxa8 Bxe3 26. Bb4+ Kf6 27. Qc3+ e5
28. Qd3 Bd4 29. Qxh7 Rxh2 30. Qg8 Qf2 31. Qd8+ Kg6 32. Qg8+ Kf6 33. Qd8+ Kg6  1/2-1/2

[Event "Olomouc Chess Summer 2023 - B2"]
[Site "Olomouc (CZE), Hotel Flora"]
[Date "2023.08.17"]
[Round "7"]
[Board "2"]
[White "Nemec, Jachym"]
[Black "Paseka, Matyas"]
[Result "1/2-1/2"]
[WhiteElo "2333"]
[BlackElo "2237"]
[PlyCount "0"]
[EventDate "2023.08.12"]
[EventRounds "9"]
[EventCountry "CZE"]

1. d4 Nf6 2. c4 g6 3. g3 Bg7 4. Bg2 O-O 5. Nc3 d6 6. Nf3 c5 7. O-O Nc6 8. d5 Na5
9. Nd2 a6 10. Rb1 Rb8 11. b3 b5 12. Qc2 e6 13. Bb2 e5 14. Ba1 Bf5 15. e4 Bd7 16.
cxb5 axb5 17. b4 Nb7 18. Qd3 cxb4 19. Rxb4 Nc5 20. Qe2 Qa5 21. Rfb1 Na6 22. R4b3
b4 23. Nc4 Qc7 24. Nd1 Bb5 25. Ndb2 Rfc8 26. Rc1 Nd7 27. Bf1 Nb6 28. Qe1 Nxc4 29.
Bxc4 Bh6 30. Rc2 Qa5 31. a3 Bxc4 32. Rxc4 Rxc4 33. Nxc4 Qc5 34. Qe2 bxa3 35. Rxa3
Rb4 36. Rxa6 Rxc4 37. Rc6 Rc1+ 38. Kg2 Qb4 39. Rxc1 Bxc1 40. Qc2 Ba3 41. f3 Qc5 42.
Qxc5 Bxc5 43. Bc3 Kf8 44. f4 f6 45. Kf3 Kf7 46. h3 h5 47. h4 Ba3 48. Bd2 Bc5 49.
f5 gxf5 50. exf5 Kg7 51. Ba5 Kf7 52. Be1 Kg7 53. Bd2 Kh7 54. g4 hxg4+ 55. Kxg4 Kg7
56. Kf3 Kh7 57. Ke4 Kg7 58. Kd3 Kh7 59. Ke4 Kg7 60. Ba5 Kf7 61. Bd8 Kg7 62. Bc7 Kf7
63. Ba5 Kg7 64. Bd8 Kf7 65. Kf3 Kg7 66. Ba5 Kf7 67. Bd2 Kg7 68. Ke4 Kh7 69. Kd3 Kg7
70. h5 Kh7 71. Bc1 Kg7 72. Ke4 Kh7 73. Bd2 Kg7  1/2-1/2

[Event "Olomouc Chess Summer 2023 - B2"]
[Site "Olomouc (CZE), Hotel Flora"]
[Date "2023.08.17"]
[Round "7"]
[Board "3"]
[White "Kusa, Jakub"]
[Black "Levitan, Ronit"]
[Result "1-0"]
[WhiteElo "2360"]
[BlackElo "2131"]
[PlyCount "0"]
[EventDate "2023.08.12"]
[EventRounds "9"]
[EventCountry "CZE"]

1. Nf3 d5 2. c4 e6 3. g3 dxc4 4. Qa4+ Nd7 5. Qxc4 a6 6. Qc2 Rb8 7. Bg2 b5 8. a4 c5
9. axb5 axb5 10. O-O Ngf6 11. d4 Bb7 12. dxc5 Bxc5 13. Bf4 Rc8 14. Qd3 Qb6 15. Nc3
Bc6 16. Ne5 Bxg2 17. Kxg2 b4 18. Nxd7 Qc6+ 19. Kg1 Nxd7 20. Ne4 O-O 21. Rfd1 Rfd8
22. Rac1 Qa8 23. Ra1 Qb7 24. Nxc5 Rxc5 25. Qd6 Rd5 26. Rxd5 Qxd5 27. Qxd5 exd5 28.
Ra4 b3 29. Rb4 Nc5 30. Be3 Ne6 31. Rxb3 h6 32. Kf1 g5 33. Ke1 Kg7 34. Bb6 Rc8 35.
Kd2 Kf6 36. Rb5 Ke5 37. Ba5 h5 38. Bc3+ Kd6 39. Rb7 f5 40. Rh7 Rb8 41. Rh6 Kd7 42.
e3 Nc5 43. Rxh5 Ne4+ 44. Kc2 Nxf2 45. Rxg5 Ng4 46. h3 Nxe3+ 47. Kd3 Nd1 48. Rxf5
Nxb2+ 49. Bxb2 Rxb2 50. Rxd5+ Ke6 51. Rg5 Kf6 52. h4 Rb3+ 53. Ke4 Rb4+ 54. Kf3 Ra4
55. Rb5 Kg6 56. Kg2 Rc4 57. Kh3 Ra4 58. Rb6+ Kg7 59. h5 Kh7 60. g4 Ra5 61. Kh4 Ra7
62. Rb4 Ra1 63. Rb7+ Kg8 64. h6  1-0

[Event "Olomouc Chess Summer 2023 - B2"]
[Site "Olomouc (CZE), Hotel Flora"]
[Date "2023.08.17"]
[Round "7"]
[Board "4"]
[White "Koziorowicz, Michal"]
[Black "Lanc, Alois"]
[Result "1-0"]
[WhiteElo "2319"]
[BlackElo "2263"]
[PlyCount "0"]
[EventDate "2023.08.12"]
[EventRounds "9"]
[EventCountry "CZE"]

1. e4 c5 2. Nf3 Nc6 3. Bb5 g6 4. O-O Bg7 5. Bxc6 dxc6 6. d3 Nf6 7. Nc3 Nd7 8. Be3
e5 9. h3 b6 10. Nh2 Nf8 11. f4 exf4 12. Bxf4 Ne6 13. Bg3 Nd4 14. Qd2 O-O 15. Rae1
c4 16. Nf3 cxd3 17. cxd3 Ba6 18. Rd1 Qe7 19. Nxd4 Bxd4+ 20. Kh1 Rad8 21. Rf3 Rd7
22. Qf4 f6 23. Qg4 Bc8 24. Qf4 Bb7 25. Rdf1 c5 26. Bh4 Qe6 27. Qc1 Rdf7 28. Re1 Be5
29. Bg3 Bxg3 30. Rxg3 Qe5 31. Rf3 Qc7 32. Rfe3 f5 33. Nd5 Qe5 34. Qc3 Qd6 35. Qc4
a6 36. a4 b5 37. axb5 axb5 38. Qxb5 fxe4 39. dxe4 Bxd5 40. Qd3 Rd7 41. Rd1 Rfd8 42.
Qe2 Qf4 43. exd5 Qf6 44. Re6 Qf8 45. d6 Qf4 46. Re8+  1-0

[Event "Olomouc Chess Summer 2023 - B2"]
[Site "Olomouc (CZE), Hotel Flora"]
[Date "2023.08.17"]
[Round "7"]
[Board "5"]
[White "Jasny, Stanislav"]
[Black "Valkova, Angelika"]
[Result "1-0"]
[WhiteElo "2244"]
[BlackElo "2057"]
[PlyCount "0"]
[EventDate "2023.08.12"]
[EventRounds "9"]
[EventCountry "CZE"]

1. Nf3 d5 2. b3 Nf6 3. Bb2 e6 4. e3 b6 5. g3 Bb7 6. Bg2 Nbd7 7. O-O Bd6 8. c4 c6
9. Nc3 O-O 10. d4 Rc8 11. Qe2 Qe7 12. e4 Nxe4 13. Nxe4 dxe4 14. Qxe4 Ba3 15. Bc3
Bb4 16. Bxb4 Qxb4 17. Ne5 Nxe5 18. dxe5 Rfd8 19. Rad1 Qc3 20. Qh4 f6 21. Bh3 Qxe5
22. Rde1 Qb2 23. Bxe6+ Kh8 24. Bxc8 Bxc8 25. Qe4 h6 26. Qg6 Bh3 27. Re7 Rg8 28. Rfe1
Qa3 29. Rxg7  1-0

[Event "Olomouc Chess Summer 2023 - B2"]
[Site "Olomouc (CZE), Hotel Flora"]
[Date "2023.08.18"]
[Round "8"]
[Board "1"]
[White "Jurek, Josef"]
[Black "Valkova, Angelika"]
[Result "0-1"]
[WhiteElo "2253"]
[BlackElo "2057"]
[PlyCount "0"]
[EventDate "2023.08.12"]
[EventRounds "9"]
[EventCountry "CZE"]

1. Nf3 d5 2. b3 Nf6 3. Bb2 g6 4. g3 Bg7 5. Bg2 O-O 6. c4 dxc4 7. bxc4 c5 8. O-O Nc6
9. d3 Re8 10. Nc3 e5 11. Nd2 Nd4 12. e3 Nc6 13. Nb3 Bg4 14. f3 Bf5 15. Nxc5 Nb4 16.
N3e4 Bxe4 17. fxe4 b6 18. a3 bxc5 19. axb4 cxb4 20. d4 Nd7 21. c5 a5 22. Qb3 Qe7
23. Rf2 Qe6 24. d5 Qa6 25. c6 Nc5 26. Qc2 Bf8 27. Bf1 Qb6 28. Bc4 Bd6 29. Raf1 Rf8
30. Rf6 Qc7 31. Rc1 Qe7 32. Rxd6 Qxd6 33. Bf1 Na6 34. c7 Rfc8 35. Qc6 Qxc6 36. Rxc6
Rxc7 37. Rxa6 Rxa6 38. Bxa6 f6 39. Bb5 Rc2 40. d6 Kf8  0-1

[Event "Olomouc Chess Summer 2023 - B2"]
[Site "Olomouc (CZE), Hotel Flora"]
[Date "2023.08.18"]
[Round "8"]
[Board "2"]
[White "Lanc, Alois"]
[Black "Jasny, Stanislav"]
[Result "0-1"]
[WhiteElo "2263"]
[BlackElo "2244"]
[PlyCount "0"]
[EventDate "2023.08.12"]
[EventRounds "9"]
[EventCountry "CZE"]

1. e4 e6 2. d4 d5 3. Nc3 Nf6 4. Bg5 h6 5. Bxf6 Qxf6 6. exd5 Bb4 7. Bb5+ Bd7 8. Bxd7+
Nxd7 9. dxe6 Qxe6+ 10. Qe2 Bxc3+ 11. bxc3 Qxe2+ 12. Nxe2 O-O-O 13. O-O Nb6 14. Rfd1
Rd5 15. Ng3 Re8 16. Rd3 Ra5 17. Rf3 f6 18. Nf5 Rxa2 19. Rd1 g6 20. Nxh6 Rxc2 21.
Rxf6 Nd5 22. Rxg6 Nxc3 23. Rf1 b5 24. h4 b4 25. Kh2 b3 26. Rc6 Ne2 27. d5 Rxc6 28.
dxc6 Nc3 29. g4 b2 30. g5 a5 31. g6 a4 32. g7 b1=Q 33. Rxb1 Nxb1  0-1

[Event "Olomouc Chess Summer 2023 - B2"]
[Site "Olomouc (CZE), Hotel Flora"]
[Date "2023.08.18"]
[Round "8"]
[Board "3"]
[White "Levitan, Ronit"]
[Black "Koziorowicz, Michal"]
[Result "0-1"]
[WhiteElo "2131"]
[BlackElo "2319"]
[PlyCount "0"]
[EventDate "2023.08.12"]
[EventRounds "9"]
[EventCountry "CZE"]

1. e4 d6 2. d4 Nf6 3. Nc3 Nbd7 4. Nf3 e5 5. Bc4 Be7 6. O-O c6 7. a4 Qc7 8. Bb3 h6
9. Be3 Nf8 10. a5 g5 11. Qd3 Ng6 12. Qc4 O-O 13. h3 Kh7 14. Qd3 Nh5 15. Ne2 f5 16.
dxe5 dxe5 17. exf5 Bxf5 18. Qc4 Ng7 19. Ng3 Bxh3 20. Nxg5+ Bxg5 21. Bxg5 Be6 22.
Qe2 hxg5 23. Bxe6 Nxe6 24. Qg4 Qe7 25. Rfd1 Rf4 26. Qh3+ Rh4 27. Qf5 Rf8 28. Qd3
Rd4 29. Qe2 Nef4 30. Qg4 Nh4 31. Ne4 Rxe4 32. Rd7 Ne2+ 33. Kf1 Rxg4 34. Rxe7+ Kg6
35. Kxe2 Rxg2 36. Rxb7 Rgxf2+ 37. Kd3 R8f3+  0-1

[Event "Olomouc Chess Summer 2023 - B2"]
[Site "Olomouc (CZE), Hotel Flora"]
[Date "2023.08.18"]
[Round "8"]
[Board "4"]
[White "Paseka, Matyas"]
[Black "Kusa, Jakub"]
[Result "1/2-1/2"]
[WhiteElo "2237"]
[BlackElo "2360"]
[PlyCount "0"]
[EventDate "2023.08.12"]
[EventRounds "9"]
[EventCountry "CZE"]

1. e4 e5 2. Nf3 Nc6 3. Bb5 Nf6 4. O-O Nxe4 5. d4 Nd6 6. Bxc6 dxc6 7. dxe5 Nf5 8.
Qxd8+ Kxd8 9. Nc3 Ke8 10. Bf4 Be6 11. a3 Be7 12. h3 h5 13. Rad1 a6 14. Ng5 Rh6 15.
Rfe1 Rd8 16. Rxd8+ Bxd8 17. Nxe6 Rxe6 18. Ne4 Be7 19. Ng3 Nxg3 20. Bxg3 c5 21. c4
Rb6 22. Re2 Kd7 23. f3 Ke6 24. Be1 Rb3 25. Kf2 c6 26. g3 b5 27. Kg2 Rd3 28. f4 Kf5
29. Bd2 g6 30. Be3 bxc4 31. Bd2 Ke6 32. Bc3 g5 33. fxg5 Bxg5 34. Rc2 Be3 35. Be1
Kd5 36. g4 hxg4 37. hxg4 Bd4 38. e6 Kxe6 39. Rxc4 Kd5 40. Rc2 Rb3 41. Bc3 Bxc3 42.
bxc3 Kc4 43. Rf2 Rb7 44. Rf5 Rc7 45. Kf3 a5 46. Ke3 Rd7 47. a4 Re7+ 48. Kd2 Re4 49.
g5 Rg4 50. Ke3 Kxc3 51. Rxc5+ Kb4 52. Rxc6 Rxg5 53. Rf6 Re5+ 54. Kd2 Re7 55. Rf4+
Kb3 56. Kd3 Rd7+ 57. Ke3 Kc3 58. Ke2 Rd2+ 59. Ke3 Rd3+ 60. Ke2 Rd7 61. Rf5 Kb4 62.
Rf4+ Kb3 63. Ke3 Kc3 64. Ke2 Rd4 65. Rxf7 Rxa4 66. Rc7+ Kb3 67. Ra7 Kc2 68. Rc7+
Kb2 69. Ra7 Ra3 70. Kd2 a4 71. Ra8 Kb1 72. Ra5 Kb2 73. Ra8 Ra2 74. Rb8+ Ka3+ 75.
Kc3 Rh2 76. Ra8 Rh4 77. Rb8 Ka2 78. Rb2+ Ka3 79. Rb8 Rh3+ 80. Kc2 Rb3 81. Ra8 Rb4
82. Kc3 Rb7 83. Kc2 Rh7 84. Kb1 Rh2 85. Rc8 Rh1+ 86. Rc1 Rxc1+ 87. Kxc1 Kb3 88. Kb1
a3 89. Ka1 a2  1/2-1/2

[Event "Olomouc Chess Summer 2023 - B2"]
[Site "Olomouc (CZE), Hotel Flora"]
[Date "2023.08.18"]
[Round "8"]
[Board "5"]
[White "Adarsh, Tripathi"]
[Black "Nemec, Jachym"]
[Result "1-0"]
[WhiteElo "2286"]
[BlackElo "2333"]
[PlyCount "0"]
[EventDate "2023.08.12"]
[EventRounds "9"]
[EventCountry "CZE"]

1. e4 c6 2. d4 d5 3. e5 c5 4. dxc5 e6 5. Be3 Nd7 6. Bb5 Ne7 7. b4 a5 8. c3 Nf5 9.
Nf3 Nxe3 10. fxe3 g6 11. Qd4 Bg7 12. e4 dxe4 13. Qxe4 O-O 14. Nbd2 axb4 15. cxb4
Nxe5 16. Nxe5 f5 17. Qf4 g5 18. Qe3 f4 19. Qc3 Qd5 20. Ndc4 Qxg2 21. O-O-O f3 22.
Rhg1 Qxh2 23. Rxg5 Qh6 24. Qe3  1-0

[Event "Olomouc Chess Summer 2023 - B2"]
[Site "Olomouc (CZE), Hotel Flora"]
[Date "2023.08.19"]
[Round "9"]
[Board "1"]
[White "Nemec, Jachym"]
[Black "Jurek, Josef"]
[Result "1-0"]
[WhiteElo "2333"]
[BlackElo "2253"]
[PlyCount "0"]
[EventDate "2023.08.12"]
[EventRounds "9"]
[EventCountry "CZE"]

1. Nf3 c5 2. g3 b6 3. Bg2 Bb7 4. O-O Nf6 5. c4 g6 6. Nc3 Bg7 7. d4 cxd4 8. Qxd4 d6
9. Rd1 Nbd7 10. Be3 a6 11. Rac1 Rc8 12. b3 O-O 13. Qh4 Re8 14. Bh3 Rc7 15. g4 Qa8
16. g5 Bxf3 17. exf3 Ne5 18. Bg2 Nfd7 19. Nd5 Rcc8 20. f4 Nc6 21. Bxb6 Qb8 22. Be3
a5 23. Qh3 Nc5 24. f5 Nb4 25. fxg6 hxg6 26. Bd4 Nxa2 27. Bxg7 Kxg7 28. Qh6+ Kg8 29.
Rd4 Qxb3 30. Rh4 Qb2 31. Nf6+  1-0

[Event "Olomouc Chess Summer 2023 - B2"]
[Site "Olomouc (CZE), Hotel Flora"]
[Date "2023.08.19"]
[Round "9"]
[Board "2"]
[White "Kusa, Jakub"]
[Black "Adarsh, Tripathi"]
[Result "1/2-1/2"]
[WhiteElo "2360"]
[BlackElo "2286"]
[PlyCount "0"]
[EventDate "2023.08.12"]
[EventRounds "9"]
[EventCountry "CZE"]

1. d4 Nf6 2. Nf3 c5 3. d5 b5 4. e4 Nxe4 5. Bd3 Nf6 6. Bxb5 g6 7. O-O Bg7 8. c4 O-O
9. Nc3 d6 10. Re1 a6 11. Ba4 Nbd7 12. Bg5 Nb6 13. Bc6 Ra7 14. b3 h6 15. Bd2 e5 16.
dxe6 Bxe6 17. Rc1 Rc7 18. Be4 Re7 19. Bf4 Nh5 20. Be3 Bg4 21. Bd5 Nf6 22. h3 Bc8
23. Bf4 Nbxd5 24. Nxd5 Nxd5 25. Qxd5 Rd7 26. Rcd1 Bb7 27. Qd3 Qa8 28. Qe2 d5 29.
cxd5 Bxd5 30. Qe3 Rdd8 31. Rd3 g5 32. Be5 Rfe8 33. Qc1 Bxf3 34. Rxd8 Qxd8  1/2-1/2

[Event "Olomouc Chess Summer 2023 - B2"]
[Site "Olomouc (CZE), Hotel Flora"]
[Date "2023.08.19"]
[Round "9"]
[Board "3"]
[White "Koziorowicz, Michal"]
[Black "Paseka, Matyas"]
[Result "1/2-1/2"]
[WhiteElo "2319"]
[BlackElo "2237"]
[PlyCount "0"]
[EventDate "2023.08.12"]
[EventRounds "9"]
[EventCountry "CZE"]

1. e4 c5 2. Nf3 d6 3. Bb5+ Nd7 4. d4 cxd4 5. Qxd4 a6 6. Be2 Ngf6 7. c4 e5 8. Qe3
d5 9. exd5 Bc5 10. Qb3 e4 11. Nfd2 O-O 12. Nc3 Re8 13. Nf1 Ne5 14. Be3 Qa5 15. Bxc5
Qxc5 16. Ne3 Bg4 17. O-O Bxe2 18. Nxe2 Rac8 19. Rac1 Rc7 20. Rc3 Nfg4 21. Qa4 Rcc8
22. b4 Qd6 23. Nxg4 Nxg4 24. Ng3 e3 25. fxe3 Qh6 26. h3 Nxe3 27. Re1 b5 28. Qb3 Nxc4
29. Rd1 Rcd8 30. Nf5 Qg5 31. Qc2 Re5 32. Rf1 g6 33. Rg3 Qh5 34. Qf2 Rd7 35. Rg4 Rexd5
36. Ng3 Qe5 37. Re4 Qb8 38. Re2 Qa7 39. Ne4 Rf5 40. Qxa7 Rxf1+ 41. Kxf1 Rxa7 42.
Nc5 a5 43. bxa5 Rxa5 44. Nb3 Ra3 45. Nd4 b4 46. Nc6 Ne3+ 47. Kg1 Nd5 48. Re5 Rc3
49. Rxd5 Rxc6 50. Rb5 Rc4 51. Ra5 Rc2 52. a4 b3 53. Rb5 b2 54. Kh2 Rc4  1/2-1/2

[Event "Olomouc Chess Summer 2023 - B2"]
[Site "Olomouc (CZE), Hotel Flora"]
[Date "2023.08.19"]
[Round "9"]
[Board "4"]
[White "Jasny, Stanislav"]
[Black "Levitan, Ronit"]
[Result "0-1"]
[WhiteElo "2244"]
[BlackElo "2131"]
[PlyCount "0"]
[EventDate "2023.08.12"]
[EventRounds "9"]
[EventCountry "CZE"]

1. c4 e6 2. Nc3 d5 3. d4 Be7 4. Nf3 Nf6 5. Bg5 O-O 6. e3 b6 7. cxd5 exd5 8. Bd3 Nbd7
9. Qc2 Bb7 10. O-O-O c5 11. h4 Rc8 12. Kb1 c4 13. Bf5 g6 14. Bxd7 Qxd7 15. Ne5 Qe6
16. g4 Nd7 17. Nxd7 Qxd7 18. Bxe7 Qxe7 19. h5 g5 20. Qf5 Rcd8 21. Rhe1 Bc8 22. Qe5
Qxe5 23. dxe5 Bxg4 24. Rxd5 Bxh5 25. Rg1 Bg6+ 26. Kc1 h6 27. Rg4 Bf5 28. Rxc4 Be6
29. Rxd8 Rxd8 30. Rd4 Rc8 31. Kd2 Kg7 32. e4 Rc4 33. Rd6 Rc5 34. Ke3 Rxe5 35. b4
g4 36. Kf4 Rh5 37. a4 Rh3 38. Nd1 Rf3+ 39. Ke5 h5 40. Ne3 Rxf2 41. Nf5+ Bxf5 42.
exf5 g3 43. Rd3 h4 44. Rd4 g2 45. Rg4+ Kf8  0-1

[Event "Olomouc Chess Summer 2023 - B2"]
[Site "Olomouc (CZE), Hotel Flora"]
[Date "2023.08.19"]
[Round "9"]
[Board "5"]
[White "Valkova, Angelika"]
[Black "Lanc, Alois"]
[Result "1-0"]
[WhiteElo "2057"]
[BlackElo "2263"]
[PlyCount "0"]
[EventDate "2023.08.12"]
[EventRounds "9"]
[EventCountry "CZE"]

1. d4 g6 2. e4 Bg7 3. h4 d5 4. e5 c5 5. Nc3 Nc6 6. Bb5 a6 7. Bxc6+ bxc6 8. h5 Qc7
9. h6 Bf8 10. Be3 Rb8 11. Na4 cxd4 12. Qxd4 e6 13. c3 c5 14. Nxc5 Rxb2 15. Nb3 Ne7
16. Nf3 Nf5 17. Qd3 Bd7 18. Nfd4 Qxe5 19. Nxf5 gxf5 20. O-O Bd6 21. f4 Qe4 22. Qxe4
fxe4 23. Rf2 Rxf2 24. Kxf2 Ke7 25. Nc5 Rc8 26. Nxd7 Kxd7 27. Rc1 f6 28. g4 Rc4 29.
g5 fxg5 30. fxg5 Be5 31. Bd2 Rc8 32. Rb1 Kc6 33. Be3 Bxc3 34. Rb6+ Kd7 35. Rxa6 Be5
36. Ra7+ Rc7 37. Rxc7+ Kxc7 38. Bc5 Bf4 39. Be7 d4 40. Bf6 d3 41. g6 e3+ 42. Kf3
e2 43. Bc3 Bxh6 44. gxh7 Bg7 45. Bd2 Kc6 46. Ke4 Bh6 47. Kxd3  1-0